| 000 | 00789cam a22002773a 4500 | ||
|---|---|---|---|
| 001 | 32238 | ||
| 003 | PGUSA | ||
| 005 | 20140828083710.0 | ||
| 008 | 100503s2010||||xxu|||||s|||||000 1 eng d | ||
| 040 |
_aPGUSA _beng |
||
| 042 | _adc | ||
| 050 | 4 | _aPS | |
| 100 | 1 |
_aGilbert, Robert E., _d1924-1993 |
|
| 245 | 1 | 2 |
_aA Thought For Tomorrow _h[electronic resource] / _cRobert E. Gilbert |
| 260 |
_bProject Gutenberg, _c2010 |
||
| 506 | _aPublic domain in the USA. | ||
| 516 | _aElectronic text | ||
| 653 | _aShort stories | ||
| 653 | _aParapsychology -- Fiction | ||
| 653 | _aPsychiatric hospital patients -- Fiction | ||
| 653 | _aScience fiction | ||
| 700 | 1 | _aStone, David | |
| 830 | 0 |
_aProject Gutenberg _v32238 |
|
| 856 | 4 | 0 | _uhttp://www.gutenberg.org/ebooks/32238 |
| 942 | _cEB | ||
| 999 |
_c261493 _d261493 |
||